00456 2200169 4500001002100000005001500021008004100036035001900077041000700096082001000103090001600113100002200129245004700151260002900198300001800227650004100245INLIS00000000001636020241224115117241224||||||||| | ||| |||| || |  0010-1224016360 aid0 a633.8 a633.8 DWI d0 aRetno Dwi Santoso00aDARI BERTANAM BAMBU HINGGA INDUSTRI REBUNG aBandungbSATU NUSAc2006 a72hlm;15x21cm 0aPertanian & Teknologi Yang Berkaitan